Tomodachi Life Catalogue: Les nourritures - Statistiques

Statistiques générales
  • Ce quiz a été pris 154 fois
  • Le résultat moyen est 46 sur 231
Statistiques - réponses
Catégorie de nourritures Numéro Nourritures % Correct
10 Jus d'orange
67%
2 Café
63%
13 Lait
60%
70 Pomme
59%
17 Thé
59%
59 Salade
56%
16 Chocolat
53%
7 Eau gazeuse
51%
11 Couscous
50%
2 Banane
49%
11 Jus de pomme
49%
47 Steak
48%
6 Eau du robinet
47%
26 Frites
46%
49 Pizza
45%
69 Poire
44%
3 Bœuf bourguignon
43%
28 Fraise
42%
27 Fromage
39%
75 Tomate
39%
5 Cola
38%
45 Pain de mie
37%
23 Croissant
35%
14 Lait moisi
35%
12 Jus de tomate
33%
3 Cappuccino
32%
4 Chocolat Chaud
32%
55 Pain au chocolat
32%
2 Blanquette de veau
31%
8 Expresso
31%
37 Poulet rôti
31%
44 Saumon à la meunière
31%
30 Gâteau au chocolat
30%
7 Cheeseburger
29%
33 Plat raté
29%
Desserts 1 Ananas
28%
5 Baguette
28%
7 Bonbon mou
28%
15 Chips
28%
21 Lasagnes
28%
48 Steak haché
28%
71 Tacos
28%
18 Thé vert
28%
84 Yaourt
28%
25 Nourriture d'astronaute
27%
30 Pâtes à la carbonara
27%
31 Pâtes au pesto
27%
46 Spaghettis bolognaise
27%
79 Sucette
27%
6 Bonbon à la menthe
26%
5 Boulettes de viande
26%
24 Épinard
26%
16 Fish and chips
26%
27 Forêt noire
26%
15 Limonade
26%
46 Melon
26%
46 Pain moisi
26%
65 Pastèque
26%
54 Quiche
26%
67 Saucisse
26%
3 Barbe à papa
25%
26 Paella
25%
4 Bortsch
24%
75 Raisin
24%
82 Tiramisu
24%
31 Gâteau aux fraises
23%
18 Gratin
23%
39 Kiwi
23%
67 Pêche
23%
65 Sandwich
23%
6 Canard laqué
22%
12 Caviar
22%
20 Kebab
22%
44 Omelette
22%
59 Pamplemousse
22%
49 Viande grillée
22%
4 Biscuit sec
21%
Boissons 1 Boisson protéinée
21%
11 Cerises
21%
22 Crêpe
21%
26 Flan
21%
41 Macaron
21%
32 Petit déjeuner anglais
21%
9 Brocoli
20%
9 Infusion de camomille
20%
43 Mangue
20%
37 Moules
20%
52 Noix
20%
68 Saumon fumé
20%
10 Côtelette
19%
20 Crème brûlée
19%
14 Escalope panée
19%
34 Gauffre
19%
56 Risotto
19%
45 Spaghettis aux piments
19%
Entrées 1 Ail
18%
3 Avocat
18%
25 Escargots
18%
33 Gâteau d'anniversaire
18%
40 Nouilles instantanées
18%
43 Olives
18%
41 Rollmops
18%
Plats 1 Agneau rôti
17%
16 Choux de Bruxelles
17%
21 Croquettes
17%
13 Dinde
17%
37 Glace italienne
17%
19 Hareng
17%
41 Œuf dur
17%
66 Peau de banane
17%
35 Pot-au-feu
17%
40 Ratatouille
17%
76 Réglisse
17%
62 Salade grecque
17%
16 Smoothie
17%
80 Yakitoris
17%
22 Cuisse de poulet
16%
31 Houmous
16%
34 Poisson grillé
16%
60 Salade capresse
16%
80 Tarte aux pommes
16%
13 Céleri
15%
13 Cheesecake
15%
8 Chili con carne
15%
29 Fudge
15%
30 Hot-dog
15%
32 Huître
15%
22 Magret de canard
15%
47 Miel
15%
24 Morue à la portugaise
15%
58 Pain perdu
15%
47 Patates au beurre
15%
29 Pâtes à l'encre de seiche
15%
38 Poulet Tikka masala
15%
6 Bol de riz
14%
8 Bretzel
14%
15 Choucroute
14%
9 Chou farci
14%
18 Cornichons
14%
17 Fruits de mer
14%
36 Glace aux fruits
14%
34 Jambon espagnol
14%
40 Kouglof
14%
71 Pomme d'amour
14%
36 Poulet frit
14%
39 Ragoût de bœuf
14%
66 Sardines grillées
14%
77 Tourte de Cornouailles
14%
2 Aubergine grillée
13%
8 Bûche de Noël
13%
11 Carottes râpées
13%
14 Champignon
13%
18 Churros
13%
32 Gâteau castella
13%
29 Gnocchis
13%
45 Massepain
13%
48 Millefeuille
13%
50 Muffin
13%
39 Nems
13%
60 Pancakes
13%
63 Panna cotta
13%
28 Pâté en croute
13%
48 Piment rouge
13%
55 Raviolis
13%
77 Riz au lait
13%
63 Salade russe
13%
43 Saltimbocca
13%
70 Soupe à l'oignon
13%
10 Calamar frit
12%
24 Dattes
12%
25 Donut
12%
15 Filet de colin
12%
28 Gaspacho
12%
27 Panini
12%
64 Pastel de nata
12%
68 Pistache
12%
51 Polenta
12%
78 Scone
12%
4 Bacon
11%
10 Cannolo
11%
19 Cornet de glace
11%
53 Noix de coco
11%
42 Œuf sur le plat
11%
73 Profiteroles
11%
61 Salade de crevettes
11%
5 Boîte de chocolats
10%
7 Bouillie d'avoine
10%
12 Châtaignes
10%
17 Chocolat fait maison
10%
17 Corn flakes
10%
19 Courgettes
10%
12 Croquettes de poisson
10%
33 Jambon de Parme
10%
38 Mozzarella
10%
56 Pain aux raisins
10%
72 Pop-corn
10%
42 Rôti de bœuf
10%
64 Salami
10%
76 Tortilla
10%
83 Touron
10%
21 Crème patissière
9%
38 Graines de tournesol
9%
42 Mandarine
9%
50 Poivron vert
9%
52 Poulpe
9%
58 Roquefort
9%
69 Soufflé
9%
72 Tapas
9%
81 Tartine de chocolat
9%
9 Cacahouètes
8%
14 Chérimole
8%
35 Gelée
8%
35 Jambon et asperges
8%
36 Minestrone
8%
54 Noix de macadamia
8%
62 Panettone
8%
53 Purée de patates
8%
57 Riz aux crevettes
8%
78 Truffe
8%
74 Tofu
7%
79 Viande avec patates
7%
23 Épi de maïs
6%
49 Mince pie
6%
51 Natillas
6%
57 Pain d'épices
6%
61 Pandoro
6%
74 Pudding aux raisins secs
6%
20 Crevettes aux épices
5%
44 Marron chauds
4%
23 Melazane
4%
73 Tarte de haricots
0%
Aucun quiz correspondant
Distribution des résultats
% des personnes avec chaque résultat
Percentile par nombre de réponses
Votre historique - résultats
Vous n’avez pas pris ce quiz